• 首页
  • 本馆介绍
  • 公告通知
  • 最新文献
  • 馆藏检索
  • 电子资源
  • 读者导购
  • 参考咨询
  • 我的图书馆
  • 登录
  • 详细信息显示
  • 放入我的书架
  • 预约/预借图书
  • 作者相关作品
  • 分类相关作品
  • 丛书相关作品
  • 出版社相关作品

书目信息

  • 表格格式
  • 工作单格式
  • 卡片格式
题名:
HTML+CSS+JavaScript前端开发技术教程
    
 
作者: 安兴亚 编著
分册:  
出版信息: 北京   清华大学出版社  2021.7
页数: 312页
开本: 26cm
丛书名:
单 册:
中图分类: TP312.8HT , TP393.092.2
科图分类:
主题词: 超文本标记语言--程序设计--教材 , 网页制作工具--教材 , JAVA语言--程序设计--教材
电子资源:
ISBN: 978-7-302-55620-6
000 01212nam0 2200289 45
001 012001002845
005 20141010101237.0
010    @a978-7-302-55620-6@dCNY69.80
100    @a20200824d2020 em y0chiy50 ea
101 0  @achi
102    @aCN@b110000
105    @aa z 000yy
106    @ar
200 1  @aHTML+CSS+JavaScript前端开发技术教程@AHTML+CSS+JavaScript qian duan kai fa ji shu jiao cheng@b专著@f安兴亚[等]编著
210    @a北京@c清华大学出版社@d2021.7
215    @a312页@c图@d26cm
304    @a编著者还有:关玉欣、云静、李雷孝
330    @a本书共分13章,各章配有案例,并包括完整的实现代码。第1章讲述Web前端开发技术基本概念,第2-6章介绍了HTML基础标签及相关属性,第7章介绍表格的标签和属性;第8章介绍CSS的语法及属性,第9章介绍当前流行的DIV布局技术,第10章介绍表单的制作与应用,第11章介绍HTML5及CSS3技术;第12章介绍JavaScript的语法基础及运用;第13章介绍jQuery的应用。
606 0  @a超文本标记语言@x程序设计@j教材
606 0  @a网页制作工具@j教材
606 0  @aJAVA语言@x程序设计@j教材
610 0  @aHTML@aCSS@aJavaScript
690    @aTP312.8HT@v5
690    @aTP393.092.2@v5
701  0 @a安兴亚@Aan xing ya@4编著
801  2 @aCN@bBJSDL@c20211018
905    @b1350555-7@dTP312.8HT@e1945@f3
    
    HTML+CSS+JavaScript前端开发技术教程/安兴亚[等]编著.-北京:清华大学出版社,2021.7
    312页:图;26cm
    
    
    ISBN 978-7-302-55620-6:CNY69.80
    本书共分13章,各章配有案例,并包括完整的实现代码。第1章讲述Web前端开发技术基本概念,第2-6章介绍了HTML基础标签及相关属性,第7章介绍表格的标签和属性;第8章介绍CSS的语法及属性,第9章介绍当前流行的DIV布局技术,第10章介绍表单的制作与应用,第11章介绍HTML5及CSS3技术;第12章介绍JavaScript的语法基础及运用;第13章介绍jQuery的应用。
●
相关链接 在E读中查询图书 在五车中查询图书 在当当中查询图书 在豆瓣中查询图书


正题名:HTML+CSS+JavaScript前端开发技术教程     索取号:TP312.8HT/1945         预约/预借

序号 登录号 条形码 馆藏地/架位号 状态 备注
1 1350555   213505553   第二样本阅览室/ [索取号:TP312.8HT/1945] 在馆    
2 1350556   213505562   第三借阅区/ [索取号:TP312.8HT/1945] 在馆    
3 1350557   213505571   第三借阅区/ [索取号:TP312.8HT/1945] 在馆    
唐山师范学院图书馆 欢迎您!
大连网信软件有限公司© 版权所有